LA SINAGOGA CRISTIANA: EL GRAN CONFLICTO RELIGIOSO DEL SIGLO I /

INCLUYE BIBLIOGRAFIA E INDICE

Guardat en:
Dades bibliogràfiques
Autor principal: Torrents, Jose Montserrat (autor)
Format: Llibre
Col·lecció:RELIGIONES; 1
Matèries:
Etiquetes: Afegir etiqueta
Sense etiquetes, Sigues el primer a etiquetar aquest registre!

MARC

LEADER 00000nam^a2200000^a^4500
001 000231204
005 20250521000000.0
009 20260310104509.687
020 |a 84-7669-103-3 
035 |a 051735 
037 |a Acervo Xavier Clavigero 
082 |a 270. 1 TOR 
100 |a Torrents, Jose Montserrat  |e (autor) 
245 1 3 |a LA SINAGOGA CRISTIANA:  |b EL GRAN CONFLICTO RELIGIOSO DEL SIGLO I /  |c JOSE MONTSERRAT TORRENTS 
264 |a BARCELONA :  |b MUCHNIK,  |c 1989 
300 |a 349p. 
336 |a texto  |b txt  |2 rdacontenido 
337 |a sin mediación  |b n  |2 rdamedio 
338 |a volumen  |b nc  |2 rdasoporte 
440 |a RELIGIONES;  |v 1 
520 |a INCLUYE BIBLIOGRAFIA E INDICE 
649 |a XX 
650 |a Iglesia -  |x Historia -  |y Primeros Tiempos 
650 |a Sinagogas 
650 |a Iglesia Católica -  |x Relaciones -  |x Islamismo 
910 |a Fondo General 
920 |a Impresos - Libros 
930 |a Colección General 
905 |a 101 
901 |a 051735  |b IT1  |c ACC  |i 051735  |u 20250521 
902 |a https://opac.biblio.iteso.mx/vufind/Record/000231204